000 00764cam a2200157 4500500
005 20260322001155.0
041 _afre
042 _adc
100 1 0 _aRibereau-Gayon, Philippe
_eauthor
245 0 0 _aJan Patočka, Platon et l’Europe. Traducido del checo y del alemán por Erika Abrams. Nueva edición revisada y ampliada. Verdier, «Philosophie», 2025, 448 páginas, 26 €.
260 _c2025.
500 _a51
520 _aArtemisia, expuesta en el Museo Jacquemart-André, es un retrato de aquellas mujeres que se rebelan contra la violencia masculina, haciéndose eco de su propia historia.
786 0 _nÉtudes | Jui | 6 | 2025-05-21 | p. 130-131
856 4 1 _uhttps://shs.cairn.info/revista-etudes-2025-6-page-130?lang=es&redirect-ssocas=7080
999 _c1712583
_d1712583